01017nam a2200193Ia 4500001001100000003001000011008004100021040002500062041001300087100002200100245003900122250001100161260006500172300001100237500021500248501011400463520021500577650003100792L922-41409IT-CnALBA170116s9999||||xx |||||||||||||| ||und|| aIT-CnALBAcIT-CnALBA aITALIANO aMARCHESI CONCETTO 0aVALERIO MARZIALE. (POETA ROMANO).  a2a ed. a GE RO BO MObFORMIGGINI A. F., EDIT. c1934 [1° Ed.: n.d.] a74 p.  aPROFILI. VITA AL TEMPO DI DOMIZIANO. SENATO. STORIA LETTERATURA. BIOGRAFIA. AMBIENTATA NELLA LETTERATURA E CULTURA DEL TEMPO. CRITICA LETTERARIA E NARRAZIONE STORICA. POETA DI EPIGRAMMI. UOMO LETTERATO. POETA.  aSocietà San Paolo EM - Piazza San Paolo, 14 - 12051 ALBA (CN) (non commercial uses only) ® Copyright 2017 aPROFILI. VITA AL TEMPO DI DOMIZIANO. SENATO. STORIA LETTERATURA. BIOGRAFIA. AMBIENTATA NELLA LETTERATURA E CULTURA DEL TEMPO. CRITICA LETTERARIA E NARRAZIONE STORICA. POETA DI EPIGRAMMI. UOMO LETTERATO. POETA.  aBIOGRAFIE, UOMINI ILLUSTRI